书目信息 |
| 题名: |
孙子兵法叫我们灵活点
|
|
| 作者: | 龙柒 编著 | |
| 分册: | ||
| 出版信息: | 北京 中国画报出版社 2011.3 |
|
| 页数: | 252页 | |
| 开本: | 24cm | |
| 丛书名: | ||
| 单 册: | ||
| 中图分类: | F270-49 | |
| 科图分类: | ||
| 主题词: | 企业管理 | |
| 电子资源: | ||
| ISBN: | 978-7-80220-999-2 | |
| 000 | 00850nam0 2200253 45 | |
| 001 | 1360537093 | |
| 005 | 20130531102018.96 | |
| 010 | @a978-7-80220-999-2@dCNY23.80 | |
| 100 | @a20130513d2011 em y0chiy50 ea | |
| 101 | 0 | @achi |
| 102 | @aCN@b110000 | |
| 105 | @ay z 000yy | |
| 106 | @ar | |
| 200 | 1 | @a孙子兵法叫我们灵活点@ASun Zi Bing Fa Jiao Wo Men Ling Huo Dian@f龙柒编著@FLong Qi Bian Zhu |
| 210 | @a北京@c中国画报出版社@d2011.3 | |
| 215 | @a252页@d24cm | |
| 330 | @a本书共分十章,主要内容包括:做人一定要灵活点、创业一定要大胆点、用人一定要明智点、团队管理一定要用心点、形象宣传一定要出彩点等。 | |
| 605 | @a《孙子兵法》@x应用@x企业管理@j通俗读物 | |
| 605 | @a《孙子兵法》 | |
| 606 | 0 | @a企业管理 |
| 690 | @aF270-49@v5 | |
| 701 | 0 | @a龙柒@ALong Qi@4编著 |
| 801 | @aCN@bTANGWEI@c20130522 | |
| 905 | @b0834966-71@dF270-49@e962@f6 | |
| 孙子兵法叫我们灵活点/龙柒编著.-北京:中国画报出版社,2011.3 |
| 252页;24cm |
| ISBN 978-7-80220-999-2:CNY23.80 |
| 本书共分十章,主要内容包括:做人一定要灵活点、创业一定要大胆点、用人一定要明智点、团队管理一定要用心点、形象宣传一定要出彩点等。 |
| ● |
| 相关链接 |
|
|
|
|
正题名:孙子兵法叫我们灵活点
索取号:F270-49/962
 
预约/预借
| 序号 | 登录号 | 条形码 | 馆藏地/架位号 | 状态 | 备注 |
| 1 | 0834966 | 208349660 | 第一样本阅览室/ [索取号:F270-49/962] | 在馆 | |
| 2 | 0834967 | 208349679 | 第一借阅区/ [索取号:F270-49/962] | 在馆 | |
| 3 | 0834968 | 208349688 | 第一借阅区/ [索取号:F270-49/962] | 在馆 | |
| 4 | 0834969 | 208349697 | 第一借阅区/ [索取号:F270-49/962] | 在馆 | |
| 5 | 0834971 | 208349713 | 第一借阅区/ [索取号:F270-49/962] | 在馆 | |
| 6 | 1427822 | 214278226 | 第一借阅区/ [索取号:F270-49/962] | 在馆 |